000 00936cab a22002415a 4500
001 L151417
008 101102s2010 xxk 000 0 eng d
035 _a(Sirsi) u151417
041 0 _aeng
050 _a658.1552 $2 18
100 1 _aOlubodun, Femi
245 0 3 _aAn appraisal of the level of application of life cycle costing within the construction industry in the UK
260 _c2010
490 _aStructural Survey
_v28(4) 2010 254-265(12)
520 _aEvaluates the existence of motivators and barriers which affect the decision to undertake life cycle costing (LCC) analysis in order to identify what actions can be taken to increase usage levels.
590 _aKA
651 4 _aUnited Kingdom
690 _aBUILT ENVIRONMENT-QUANTITY SURVEYING-CONSTRUCTION COST MANAGEMENT-CONSTRUCTION COST PLANNING
700 1 _aKangwa, Joseph
700 1 _aOladapo, Adebayo
700 1 _aThompson, Judith
942 _n0
_2ddc
999 _c82791
_d82791